<?xml version="1.0" encoding="UTF-8"?>
<collection xmlns="http://www.loc.gov/MARC21/slim">
 <record>
  <leader>01902nam a2200229 a 4500</leader>
  <controlfield tag="001">TVCDKTCT6442</controlfield>
  <controlfield tag="003">Thư viện trường Cao đẳng Kỹ thuật Cao Thắng</controlfield>
  <controlfield tag="005">20070307000000</controlfield>
  <controlfield tag="008">070307</controlfield>
  <datafield tag="980" ind1="\" ind2="\">
   <subfield code="a">Thư viện Trường CĐ Kỹ Thuật Cao Thắng</subfield>
  </datafield>
  <datafield tag="024" ind1=" " ind2=" ">
   <subfield code="a">RG_1 #1 eb0 i1 i5</subfield>
  </datafield>
  <datafield tag="041" ind1="0" ind2="#">
   <subfield code="a">vie</subfield>
  </datafield>
  <datafield tag="082" ind1="#" ind2="#">
   <subfield code="a">658 / </subfield>
   <subfield code="b">QU105D-t</subfield>
  </datafield>
  <datafield tag="100" ind1="1" ind2="#">
   <subfield code="a">Trịnh Quốc Thắng</subfield>
  </datafield>
  <datafield tag="245" ind1="0" ind2="0">
   <subfield code="a">Quản lý dự án xây dựng /</subfield>
   <subfield code="c">Trịnh Quốc Thắng</subfield>
  </datafield>
  <datafield tag="250" ind1="#" ind2="#">
   <subfield code="a">In lần thứ 1</subfield>
  </datafield>
  <datafield tag="260" ind1="#" ind2="#">
   <subfield code="a">H. :</subfield>
   <subfield code="b">Khoa học và Kỹ thuật ,</subfield>
   <subfield code="c">2006</subfield>
  </datafield>
  <datafield tag="300" ind1="#" ind2="#">
   <subfield code="a">200tr. ;</subfield>
   <subfield code="c">27cm</subfield>
  </datafield>
  <datafield tag="520" ind1="#" ind2="#">
   <subfield code="a">Quản lý dự án xây dựng là một vấn đề không mới đối với thế giới, nhưng lại là những vấn đề rất mới đối với Việt Nam. Nước ta đã bước vào nền kinh tế thị trường, đã là thành viên của ASEAN, của APEC và của Tổ chức thương mại thế giới WTO.</subfield>
  </datafield>
  <datafield tag="520" ind1="#" ind2="#">
   <subfield code="a">Tư vấn giám sát, khảo sát, thiết kế và thi công xây dựng là những nội dung rất quan trọng của quản lý dự án, nhưng người kỹ sư xây dựng cần phải có những kiến thức gì cho công việc đầy khó khăn và trách nhiệm của mình? Để trả lời câu hỏi này, cuốn sách đã tập hợp các bài giảng nhằm làm tài liệu cho sinh viên các kỹ sư xây dựng, kỹ sư cầu đường và các kỹ sư thủy lợi, ngoài ra nó còn được sử dụng cho sinh viên các ngành xây dựng cơ bản và bạn đọc quan tâm đến lĩnh vực quản lý xây dựng.</subfield>
  </datafield>
  <datafield tag="650" ind1="#" ind2="4">
   <subfield code="a">Xây dựng</subfield>
  </datafield>
  <datafield tag="650" ind1="#" ind2="4">
   <subfield code="a">Xây dựng--Dự án--Quản lý</subfield>
  </datafield>
 </record>
</collection>
